[Event "ESP-ch 85th"]
[Site "Linares"]
[Date "2020.09.07"]
[Round "8"]
[White "Tejedor Fuente, Enrique"]
[Black "Ortin Blanco, Inigo"]
[Result "1-0"]
[WhiteElo "2443"]
[BlackElo "2252"]
[PlyCount "139"]
[EventDate "2020.08.31"]
[EventType "swiss"]
[EventRounds "9"]
[EventCountry "ESP"]
[SourceTitle "EXT 2021"]
[Source "ChessBase"]
[SourceDate "2020.10.23"]
[SourceVersion "1"]
[SourceVersionDate "2020.10.23"]
[SourceQuality "1"]

1. e4 e5 2. Nf3 Nc6 3. Bb5 a6 4. Ba4 Nf6 5. 0-0 Bc5 6. Re1 0-0 7. Bxc6 dxc6 8. d3 Bg4 9. Be3 Nd7 10. Nbd2 Re8 11. h3 Bh5 12. Qe2 Qe7 13. Nb3 a5 14. g4 Bg6 15. Nxc5 Nxc5 16. Nxe5 Qxe5 17. f4 Qd6 18. f5 Qg3+ 19. Qg2 Qxg2+ 20. Kxg2 Ne6 21. Rad1 Nf8 22. Bf2 f6 23. fxg6 Nxg6 24. d4 Rad8 25. Kf3 Rd7 26. h4 Red8 27. Rd3 c5 28. h5 Nh8 29. dxc5 Rxd3+ 30. cxd3 Rxd3+ 31. Ke2 Rd7 32. c6 bxc6 33. Rc1 Nf7 34. Rc4 Nd6 35. Ra4 Re7 36. Ke3 Re5 37. Kf4 Kf7 38. Be1 Nb7 39. Bc3 Rb5 40. Rc4 Nd8 41. Ke3 Ke6 42. a4 Rg5 43. Kf3 Nf7 44. Rxc6+ Kd7 45. Ra6 Ne5+ 46. Bxe5 Rxe5 47. h6 gxh6 48. Rxf6 h5 49. Kf4 Rc5 50. Rf5 Rc4 51. b3 Rb4 52. Rxh5 Rxb3 53. Rxh7+ Kd6 54. Rh6+ Kd7 55. Rh5 Kd6 56. Rd5+ Ke6 57. Rxa5 Ra3 58. Ra6+ Kd7 59. g5 c5 60. g6 Ke7 61. Ra7+ Kf8 62. e5 Ra1 63. Kf5 c4 64. Ra8+ Kg7 65. Ra7+ Kf8 66. Rc7 c3 67. Kf6 Rf1+ 68. Ke6 Rg1 69. g7+ Kg8 70. Rxc3 1-0

[Event "ESP-ch 85th"]
[Site "Linares"]
[Date "2020.09.01"]
[Round "2"]
[White "Ortin Blanco, Inigo"]
[Black "Garcia Gomez, Jose Manuel"]
[Result "1-0"]
[WhiteElo "2252"]
[BlackElo "1754"]
[PlyCount "53"]
[EventDate "2020.08.31"]
[EventType "swiss"]
[EventRounds "9"]
[EventCountry "ESP"]
[SourceTitle "EXT 2021"]
[Source "ChessBase"]
[SourceDate "2020.10.23"]
[SourceVersion "1"]
[SourceVersionDate "2020.10.23"]
[SourceQuality "1"]

1. d4 Nf6 2. Nf3 g6 3. c4 d6 4. Nc3 Bg7 5. e4 0-0 6. Bg5 Nbd7 7. Qd2 Re8 8. Bd3 b6 9. 0-0-0 Bb7 10. h3 c5 11. d5 a6 12. a4 Qc7 13. Kc2 e6 14. g4 exd5 15. exd5 Ne5 16. Nxe5 Rxe5 17. f4 Ree8 18. f5 Nd7 19. h4 Ne5 20. f6 Nf3 21. Qf4 Nd4+ 22. Kb1 Bh8 23. h5 b5 24. hxg6 fxg6 25. Bxg6 hxg6 26. f7+ Kg7 27. Qf6+ 1-0

[Event "ESP-ch U18"]
[Site "Salobrena"]
[Date "2020.08.21"]
[Round "8"]
[White "Ortin Blanco, Inigo"]
[Black "Rodriguez Ferreiros, Andres"]
[Result "1-0"]
[WhiteElo "2252"]
[BlackElo "2053"]
[PlyCount "79"]
[EventDate "2020.08.17"]
[EventType "swiss"]
[EventRounds "9"]
[EventCountry "ESP"]
[SourceTitle "CBM 197 Extra"]
[Source "ChessBase"]
[SourceDate "2020.09.30"]
[SourceVersion "1"]
[SourceVersionDate "2020.09.30"]
[SourceQuality "1"]

1. d4 d5 2. c4 e6 3. Nf3 c6 4. Nc3 dxc4 5. a4 Bb4 6. e4 b5 7. Be2 Nf6 8. 0-0 Bxc3 9. bxc3 Nxe4 10. Qc2 Nd6 11. Ba3 Bb7 12. h4 a5 13. Ng5 Na6 14. Bh5 g6 15. Bg4 b4 16. Bb2 Nc7 17. cxb4 Nd5 18. bxa5 0-0 19. Ba3 Rxa5 20. Rfe1 Bc8 21. Re5 Re8 22. Rae1 f5 23. Nxe6 Bxe6 24. Rxe6 Rxe6 25. Rxe6 Nb5 26. Qe2 Kf7 27. axb5 Rxa3 28. Rxc6 Ra1+ 29. Kh2 fxg4 30. Qe6+ Kg7 31. g3 Nf6 32. Qe5 Ra2 33. Rc7+ Kh8 34. Rb7 Ra8 35. Rf7 c3 36. Rxf6 Kg8 37. Rd6 Qf8 38. Rf6 Qd8 39. Qe6+ Kh8 40. Rf7 1-0

[Event "ESP-ch U18"]
[Site "Salobrena"]
[Date "2020.08.19"]
[Round "4"]
[White "Ortin Blanco, Inigo"]
[Black "Amador Garcia, Ismael"]
[Result "1-0"]
[WhiteElo "2252"]
[BlackElo "2133"]
[PlyCount "53"]
[EventDate "2020.08.17"]
[EventType "swiss"]
[EventRounds "9"]
[EventCountry "ESP"]
[SourceTitle "CBM 197 Extra"]
[Source "ChessBase"]
[SourceDate "2020.09.30"]
[SourceVersion "1"]
[SourceVersionDate "2020.09.30"]
[SourceQuality "1"]

1. Nf3 Nf6 2. g3 g6 3. b3 Bg7 4. Bb2 0-0 5. Bg2 d6 6. d4 c6 7. 0-0 Nbd7 8. a4 a5 9. Na3 Nb6 10. Re1 d5 11. Ne5 h5 12. c4 Be6 13. e3 Nbd7 14. Nd3 Nb8 15. Nf4 Bf5 16. Rc1 Na6 17. cxd5 cxd5 18. Nb5 Qd7 19. Ba3 Rfc8 20. Qd2 g5 21. Nxd5 Nxd5 22. e4 Ndb4 23. exf5 Rxc1 24. Rxc1 Qxf5 25. Bxb7 Re8 26. Qe2 e5 27. Nd6 1-0

[Event "ESP-ch U18"]
[Site "Salobrena"]
[Date "2019.07.26"]
[Round "7"]
[White "Ortin Blanco, Inigo"]
[Black "Carbonell Sancho, Marc"]
[Result "1-0"]
[WhiteElo "2285"]
[BlackElo "2224"]
[PlyCount "59"]
[EventDate "2019.07.22"]
[EventType "swiss"]
[EventRounds "9"]
[EventCountry "ESP"]
[SourceTitle "CBM 191 Extra"]
[Source "ChessBase"]
[SourceDate "2019.09.30"]
[SourceVersion "1"]
[SourceVersionDate "2019.09.30"]
[SourceQuality "1"]

1. Nf3 Nf6 2. g3 g6 3. b3 Bg7 4. Bb2 d6 5. d4 0-0 6. Bg2 Nbd7 7. 0-0 e5 8. dxe5 Ng4 9. c4 Ngxe5 10. Nxe5 dxe5 11. Nc3 a5 12. Qd2 c6 13. Ba3 Re8 14. Ne4 Bf8 15. Bxf8 Nxf8 16. Rfd1 Qxd2 17. Nf6+ Kh8 18. Rxd2 Re6 19. Rd8 Rxf6 20. Rxf8+ Kg7 21. Rd8 b6 22. Rad1 Bb7 23. Rxa8 Bxa8 24. Rd8 Bb7 25. Rb8 Ba6 26. Rxb6 c5 27. Rb8 Rd6 28. Bd5 a4 29. bxa4 g5 30. a5 1-0

[Event "Pamplona 1st"]
[Site "Pamplona"]
[Date "2017.08.29"]
[Round "3.3"]
[White "Ortin Blanco, Inigo"]
[Black "Jimenez Almeida, Luis David"]
[Result "0-1"]
[WhiteElo "2090"]
[BlackElo "2291"]
[PlyCount "58"]
[EventDate "2017.08.28"]
[EventType "tourn"]
[EventRounds "9"]
[EventCountry "ESP"]
[SourceTitle "EXT 2024"]
[Source "ChessBase"]
[SourceDate "2023.10.10"]
[SourceVersion "1"]
[SourceVersionDate "2023.10.10"]
[SourceQuality "1"]

1. d4 Nf6 2. Bg5 c5 3. Bxf6 gxf6 4. d5 Qb6 5. Qc1 f5 6. c3 d6 7. g3 Nd7 8. Nd2 Nf6 9. Bg2 Bd7 10. Nc4 Qa6 11. Ne3 f4 12. Nf1 h5 13. gxf4 h4 14. e3 Rg8 15. Bf3 0-0-0 16. Qc2 e6 17. dxe6 fxe6 18. Nd2 Bb5 19. Qb3 d5 20. a4 Bd3 21. Be2 Rxg1+ 22. Rxg1 Bxe2 23. c4 dxc4 24. Qb5 Qd6 25. Kxe2 Qxd2+ 26. Kf3 Qd5+ 27. Ke2 Qd3+ 28. Kf3 Qe4+ 29. Ke2 Qc2+ 0-1

[Event "Euskadi-ch"]
[Site "Zornotza"]
[Date "2017.04.20"]
[Round "4"]
[White "Ortin Blanco, Inigo"]
[Black "Trigo Urquijo, Sergio"]
[Result "0-1"]
[WhiteElo "2127"]
[BlackElo "2397"]
[PlyCount "160"]
[EventDate "2017.04.17"]
[EventType "swiss"]
[EventRounds "7"]
[EventCountry "ESP"]
[SourceTitle "CBM 178 Extra"]
[Source "ChessBase"]
[SourceDate "2017.06.22"]
[SourceVersion "1"]
[SourceVersionDate "2017.06.22"]
[SourceQuality "1"]

1. d4 d6 2. c4 g6 3. Nc3 Bg7 4. e4 e5 5. d5 f5 6. Nf3 Nf6 7. Be2 0-0 8. Qc2 Na6 9. 0-0 Nc5 10. Nd2 a5 11. f3 Nh5 12. Nb3 b6 13. Nxc5 bxc5 14. exf5 gxf5 15. f4 Nxf4 16. Bxf4 exf4 17. Bd3 Bd4+ 18. Kh1 Be5 19. Ne2 Rb8 20. Rab1 Qh4 21. Rf3 Rf6 22. Qd2 Rh6 23. Rh3 Qf6 24. Rxh6 Qxh6 25. g3 Qh5 26. Nxf4 Qf3+ 27. Ng2 Rxb2 28. Rxb2 Bxb2 29. Be2 Bc1 30. Qc2 Qf2 31. Bd3 Qxc2 32. Bxc2 Kg7 33. Nf4 Kf6 34. Kg2 Ba6 35. Bd3 Ke5 36. Ne2 Bd2 37. Kf3 Bb7 38. Ng1 c6 39. Ke2 Bh6 40. Nf3+ Kf6 41. Nh4 cxd5 42. cxd5 Bxd5 43. Nxf5 Bf8 44. Bb1 Bc4+ 45. Kd2 d5 46. g4 d4 47. Ng3 Bh6+ 48. Kc2 Ke5 49. Kb2 d3 50. Kc3 d2 51. Bc2 Bd5 52. Nf1 Kf4 53. Nxd2 Bg7+ 54. Kd3 Bxa2 55. Nb3 c4+ 56. Kxc4 a4 57. Kb4 axb3 58. Bxh7 b2 59. Ka3 b1Q 60. Bxb1 Bxb1 61. Kb4 Kxg4 62. Kc5 Bd3 63. Kd5 Bc3 64. Kc5 Kh3 65. Kd5 Kxh2 66. Kd6 Bc4 67. Kc5 Bb3 68. Kd6 Bd4 69. Kc6 Bc4 70. Kd6 Kg3 71. Kc6 Kf4 72. Kd6 Kf5 73. Kc6 Ke6 74. Kc7 Bb5 75. Kb7 Kd7 76. Kb8 Ba6 77. Ka8 Kc6 78. Kb8 Kb6 79. Ka8 Bb7+ 80. Kb8 Be5# 0-1

[Event "Euskadi-chT (Vasca) Div 1st"]
[Site "Bergara"]
[Date "2017.01.21"]
[Round "2.3"]
[White "Ortin Blanco, Inigo"]
[Black "Alvarez Ponga, Hugo"]
[Result "1-0"]
[WhiteElo "2147"]
[BlackElo "2070"]
[PlyCount "97"]
[EventDate "2017.01.14"]
[EventType "team-tourn"]
[EventRounds "9"]
[EventCountry "ESP"]
[SourceTitle "EXT 2024"]
[Source "ChessBase"]
[SourceDate "2023.10.10"]
[SourceVersion "1"]
[SourceVersionDate "2023.10.10"]
[SourceQuality "1"]

1. d4 e6 2. c4 Bb4+ 3. Bd2 c5 4. e3 Nf6 5. Bd3 0-0 6. Nf3 Nc6 7. 0-0 d5 8. Bc3 dxc4 9. Bxc4 a6 10. Bxb4 cxb4 11. Nbd2 Qe7 12. Qe2 b5 13. Bd3 Bb7 14. Ne4 Nxe4 15. Bxe4 Na5 16. Bxb7 Qxb7 17. Ne5 Rac8 18. Nd3 b3 19. axb3 Nxb3 20. Ra3 Qd5 21. Qd1 Nxd4 22. Nb4 Qg5 23. Qxd4 Rc4 24. Qd2 Rd8 25. Rd3 Rdc8 26. Rd1 h6 27. b3 R4c5 28. Nxa6 R5c6 29. Nb4 Rc5 30. Rd8+ Kh7 31. Qd3+ f5 32. Rxc8 Rxc8 33. Qxb5 Qg4 34. f3 Qg5 35. Qd3 Qf6 36. Qd4 Qg5 37. Qd2 Qh4 38. Qd4 Qg5 39. Qf4 Qf6 40. Qd4 Qg5 41. f4 Qg4 42. h3 Qe2 43. Qd3 Qb2 44. Rb1 Qa3 45. Nc2 Qa5 46. b4 Qa2 47. Nd4 Ra8 48. Qb3 Qd2 49. Rd1 1-0

[Event "Navarra-chT"]
[Site "Navarra"]
[Date "2016.10.08"]
[Round "1.1"]
[White "Ortin Blanco, Inigo"]
[Black "Insausti Goni, Sebastian"]
[Result "1-0"]
[WhiteElo "2069"]
[BlackElo "1871"]
[PlyCount "59"]
[EventDate "2016.10.08"]
[EventType "team-tourn"]
[EventRounds "7"]
[EventCountry "ESP"]
[SourceTitle "CBM 175 Extra"]
[Source "ChessBase"]
[SourceDate "2016.12.12"]
[SourceVersion "1"]
[SourceVersionDate "2016.12.12"]
[SourceQuality "1"]
[WhiteTeam "Santa Ana Siglo 21"]
[BlackTeam "Arrano Elkartea"]
[WhiteTeamCountry "ESP"]
[BlackTeamCountry "ESP"]

1. d4 Nf6 2. Bg5 e6 3. e4 Be7 4. Bd3 d5 5. e5 Nfd7 6. Bxe7 Qxe7 7. c3 c5 8. Ne2 Nc6 9. 0-0 cxd4 10. cxd4 Nb4 11. Nbc3 0-0 12. Nb5 Nxd3 13. Qxd3 f6 14. f4 Nb6 15. Nd6 Nc4 16. Nxc4 dxc4 17. Qxc4 Bd7 18. Nc3 Rac8 19. Qb3 Bc6 20. Rae1 Rcd8 21. Qc4 Rd7 22. f5 Rfd8 23. Qxe6+ Qxe6 24. fxe6 Rxd4 25. exf6 gxf6 26. Rxf6 Rf8 27. Ref1 Re8 28. R1f5 Rd2 29. Rg5+ Kh8 30. e7 1-0

[Event "ESP-ch U16"]
[Site "Granada"]
[Date "2016.07.19"]
[Round "3"]
[White "Alvarez Alonso, Alberto"]
[Black "Ortin Blanco, Inigo"]
[Result "1-0"]
[WhiteElo "1899"]
[BlackElo "2022"]
[PlyCount "34"]
[EventDate "2016.07.18"]
[EventType "swiss"]
[EventRounds "9"]
[EventCountry "ESP"]
[SourceTitle "EXT 2024"]
[Source "ChessBase"]
[SourceDate "2023.10.10"]
[SourceVersion "1"]
[SourceVersionDate "2023.10.10"]
[SourceQuality "1"]

1. e4 e5 2. Nf3 Bc5 3. Bc4 Bb4 4. 0-0 d5 5. a3 Bxd2 6. Nbxd2 Bd7 7. b4 b6 8. Bb5 Bxb5 9. Re1 Qd7 10. Nf1 c5 11. Ne3 c4 12. Nd2 a5 13. f4 Ra7 14. Nb1 Bc6 15. b5 Bxb5 16. f5 Bc6 17. Ng4 b5 1-0

[Event "ESP-ch U14"]
[Site "Granada"]
[Date "2016.07.15"]
[Round "8"]
[White "Ortin Blanco, Inigo"]
[Black "Blanco Diez, David"]
[Result "1/2-1/2"]
[WhiteElo "2022"]
[BlackElo "1811"]
[PlyCount "96"]
[EventDate "2016.07.11"]
[EventType "swiss"]
[EventRounds "9"]
[EventCountry "ESP"]
[SourceTitle "EXT 2024"]
[Source "ChessBase"]
[SourceDate "2023.10.10"]
[SourceVersion "1"]
[SourceVersionDate "2023.10.10"]
[SourceQuality "1"]

1. d4 d5 2. c4 c6 3. Nf3 Nf6 4. e3 Bf5 5. Nc3 e6 6. Nh4 Be4 7. f3 Bg6 8. Qb3 Qc7 9. Bd2 Be7 10. g3 Nbd7 11. Rc1 Qb6 12. Nxg6 Qxb3 13. axb3 hxg6 14. Bd3 Bd6 15. Kf2 0-0 16. Ra1 Rfe8 17. Ra2 a6 18. c5 Bc7 19. b4 e5 20. Rha1 Rac8 21. Kg2 Nh7 22. h4 Nhf8 23. Rh1 Ne6 24. Ne2 f5 25. f4 exd4 26. exd4 Nf6 27. Bc3 Nf8 28. Bd2 Ne4 29. Bc3 Nd7 30. Ng1 Ndf6 31. Nf3 Nh5 32. Bxe4 Rxe4 33. Ne5 Re3 34. Be1 Kh7 35. Bf2 Rb3 36. Be1 Nf6 37. Rf1 Bxe5 38. fxe5 Ne4 39. Rf3 Rxf3 40. Kxf3 Kg8 41. Bf2 Kf7 42. Be3 Ke6 43. Ra1 Rh8 44. b3 Rf8 45. Bf4 Nc3 46. Be3 Ne4 47. Bf4 Rh8 48. b5 Rf8 1/2-1/2